| 000 | 00471nam a22001697a 4500 | ||
|---|---|---|---|
| 005 | 20231102070621.0 | ||
| 008 | 231102b |||||||| |||| 00| 0 eng d | ||
| 020 | _a0409014141 | ||
| 041 | _aEnglish | ||
| 082 | _a346.7 CRE | ||
| 100 | _lEnglish | ||
| 245 | _aCredit Agreements Act 75 of 1980 | ||
| 260 |
_aDurban : _bLexisNexis Butterworth, _c2002 |
||
| 300 |
_b55 pages ; _c26 cm. |
||
| 650 |
_aLegal practice _bLaw |
||
| 942 |
_cBK _6ALISON_BN_VRIES |
||
| 999 |
_c239 _d239 |
||